Pompeya y la Ciudad Lineal (Record no. 194364)

MARC details
000 -LEADER
campo de control de longitud fija 01519nam a2200301 i 4500
001 - NÚMERO DE CONTROL
campo de control 194364
003 - IDENTIFICADOR DE NÚMERO DE CONTROL
campo de control SpMaBN
005 - FECHA Y HORA DE LA ÚLTIMA TRANSACCIÓN
campo de control 20240427063147.0
008 - DATOS DE LONGITUD FIJA--INFORMACIÓN GENERAL
campo de control de longitud fija 900725s1913 sp spa
035 ## - NÚMERO DE CONTROL DEL SISTEMA
Número de control de sistema (OCoLC)431407508
040 ## - FUENTE DE CATALOGACIÓN
Lengua de catalogación spa
Centro/agencia transcriptor SpMaBN
080 ## - NÚMERO DE LA CLASIFICACIÓN DECIMAL UNIVERSAL
Número de la Clasificación Decimal Universal 904(450.721)
080 ## - NÚMERO DE LA CLASIFICACIÓN DECIMAL UNIVERSAL
Número de la Clasificación Decimal Universal 908(460.271-37 Ciudad Lineal)
100 1# - ENTRADA PRINCIPAL--NOMBRE DE PERSONA
Nombre de persona González del Castillo, Hilarión,
Fechas asociadas al nombre 1869-1941
Número de control del registro de autoridad o número normalizado XX1292493
9 (RLIN) 58582
Término indicativo de función/relación Autor
245 10 - MENCIÓN DEL TÍTULO
Título Pompeya y la Ciudad Lineal
Medio [Recurso electrónico] :
Mención de responsabilidad, etc. conferencias de Don Hilarión González del Castillo en el Ateneo de Madrid, febrero y marzo de 1913
260 ## - PUBLICACIÓN, DISTRIBUCIÓN, ETC.
Lugar de publicación, distribución, etc. Madrid :
Nombre del editor, distribuidor, etc. [s.n.],
Fecha de publicación, distribución, etc. 1913
Fabricante (Imp. de la Ciudad Lineal)
300 ## - DESCRIPCIÓN FÍSICA
Extensión 80 páginas :
Otras características físicas ilustraciones (blanco y negro) ;
Dimensiones 28 cm
336 ## - TIPO DE CONTENIDO
Fuente rdacontent
Término de tipo de contenido texto
337 ## - TIPO DE MEDIO
Fuente rdamedia
Nombre/término del tipo de medio sin mediación
338 ## - TIPO DE SOPORTE
Fuente rdacarrier
Nombre/término del tipo de soporte volumen
505 ## - NOTA DE CONTENIDO CON FORMATO
Nota de contenido con formato Primera conferencia: Pompeya y la Ciudad Lineal ; Segunda conferencia: Edificios públicos ; Tercera conferencia: Casas particulares de Pompeya ; Cuarta conferencia: Las tumbas de Pompeya, Comparaciones entre una ciudad antigua y una ciudad moderna, La Ciudad Lineal como sistema nuevo de construcción de ciudades
610 24 - PUNTO DE ACCESO ADICIONAL DE MATERIA--NOMBRE DE ENTIDAD CORPORATIVA
9 (RLIN) 1907
Nombre de entidad corporativa o nombre de jurisdicción como elemento de entrada Ateneo de Madrid-
Subdivisión de forma Conferencias-
Subdivisión cronológica 1900-1939
651 #7 - PUNTO DE ACCESO ADICIONAL DE MATERIA--NOMBRE GEOGRÁFICO
9 (RLIN) 149648
Nombre geográfico Pompeya (Ciudad desaparecida)
651 #7 - PUNTO DE ACCESO ADICIONAL DE MATERIA--NOMBRE GEOGRÁFICO
9 (RLIN) 145210
Nombre geográfico Ciudad Lineal (Madrid, Distrito)
856 ## - LOCALIZACIÓN Y ACCESO ELECTRÓNICOS
Identificador Uniforme de Recursos <a href="http://bdh-rd.bne.es/viewer.vm?id=0000260369&page=1">http://bdh-rd.bne.es/viewer.vm?id=0000260369&page=1</a>
Texto de enlace Versión en línea
Nota pública (Biblioteca Digital Hispánica)
942 ## - ELEMENTOS DE ENTRADA SECUNDARIOS (KOHA)
Fuente del sistema de clasificación o colocación Clasificación decimal universal
Tipo de ítem Koha Archivo de ordenador en CD-ROM, CD o disquete
Suprimir en OPAC No

No items available.